000 00332nam a2200133Ia 4500
008 100328s9999 xx 000 0 und d
082 _b19639
100 _aधारप नारायण
245 _aभयकथा
260 _bविशाखा
630 _aभयकथा
730 _aभयकथा
942 _cBOOK
999 _c513924
_d513921